Statistics for AK’s General Knowledge A-Z #98

Click here to take the quiz!

General Stats

  • This quiz has been taken 33 times
  • The average score is 16 of 26

Answer Stats

HintAnswer% Correct
C – not Mongolia, but porcelainChina
90%
Q – a pen made from a featherQuill
90%
T – Тетрис (a puzzle video game created in 1984)Tetris
83%
A – is “artificiōsus” in Latin, or Dodger in Oliver TwistArtful
80%
F – dance _____, or what can be done to the gas pedalFloor
80%
S – capital city whose anagram is “louse”Seoul
80%
V – first name of Da Gama who allegedly killed hundreds of peopleVasco
80%
B – Scottish poet and lyricist Robert, or Homer Simpson's evil bossBurns
77%
E – the only country in North America that doesn't border the AtlanticEl Salvador
77%
G – first name of Mendel whose pea plant experiments established many of the rules of heredityGregor
73%
O – 1929–1953 Bouvier, 1953–1968 Kennedy, 1968–1994_______Onassis
70%
D – minimum age to get it varies from 14 to 23; the first ever was granted to Karl BenzDriver’s licence
67%
I – to administer a shot to someone, especially of medicine or drugsInject
67%
U – the shortest way from Zamość in Poland to Suceava in Romania is through this countryUkraine
67%
R – a formation of pieces of material orbiting a planet, or what a Brit with a phone in hand intends to doRing
63%
W – Bill, Charlie, Percy, Fred, George, Ron, GinnyWeasley
63%
K – first name of Bates who played Annie in Misery and Evelyn in Fried Green TomatoesKathy
60%
M – oratorio composed in 1741 by Händel, or the awaited leader of the people of IsraelMessiah
60%
P – pope in Dutch, or P in NATO phonetic alphabetPapa
50%
H – espionage thriller TV series starring Claire Danes, or what Ithaca was to OdysseusHomeland
47%
J – Jackie ______-KerseeJoyner
47%
Y – Keith Urban’s 2002 hit “_____ Think of Me”You’ll
43%
N – the only N capital in an N countryNiamey
37%
L – follows pad, precedes downLock
33%
X – Pope John _____, head of Catholic Church from 1958 to 1963XXIII
20%
Z – replicant who worked as an exotic dancer in Blade Runner; rhymes with the short plural form of “forum”Zhora
10%

Score Distribution

Percentile by Number Answered

Percent of People with Each Score

Your Score History

You have not taken this quiz